Normal view
MARC view
- Hertz, John, Krogh, Anders, Palmer, Richard.G
Entry Personal Name
001 - CONTROL NUMBER
- control field: 69060
003 - CONTROL NUMBER IDENTIFIER
- control field: NUST
005 - DATE AND TIME OF LATEST TRANSACTION
- control field: 20210628204150.0
008 - FIXED-LENGTH DATA ELEMENTS
- fixed length control field: 210628|| aca||aabn | a|a d
040 ## - CATALOGING SOURCE
- Original cataloging agency: NUST
- Transcribing agency: NUST
100 ## - HEADING--PERSONAL NAME
- Personal name: Hertz, John, Krogh, Anders, Palmer, Richard.G
670 ## - SOURCE DATA FOUND
- Source citation: Work cat.: (NUST): Hertz, John, Krogh, Anders, Palmer, Richard.G, Introduction to the theory of neural computation, 1991
